| 000 -LEADER |
| fixed length control field |
02945cam a2200361Ia 4500 |
| 001 - CONTROL NUMBER |
| control field |
45029776 |
| 003 - CONTROL NUMBER IDENTIFIER |
| control field |
OCoLC |
| 005 - DATE AND TIME OF LATEST TRANSACTION |
| control field |
20190806095110.0 |
| 008 - FIXED-LENGTH DATA ELEMENTS--GENERAL INFORMATION |
| fixed length control field |
000918s2000 nyua b 001 0 eng d |
| 020 ## - INTERNATIONAL STANDARD BOOK NUMBER |
| International Standard Book Number |
0140296476 (pbk.) |
| 020 ## - INTERNATIONAL STANDARD BOOK NUMBER |
| International Standard Book Number |
9780140296471 (pbk.) |
| 035 ## - SYSTEM CONTROL NUMBER |
| System control number |
(OCoLC)45029776 |
| Canceled/invalid control number |
(OCoLC)57397104 |
| 040 ## - CATALOGING SOURCE |
| Original cataloging agency |
VYM |
| Transcribing agency |
VYM |
| Modifying agency |
NOR |
| -- |
OCLCQ |
| -- |
BAKER |
| -- |
XY4 |
| -- |
NLGGC |
| -- |
CRH |
| -- |
YDXCP |
| -- |
B2A |
| -- |
G8V |
| -- |
BDX |
| -- |
TnLvILS |
| 049 ## - LOCAL HOLDINGS (OCLC) |
| Holding library |
IG$A |
| 082 #4 - DEWEY DECIMAL CLASSIFICATION NUMBER |
| Classification number |
513 SEI |
| 091 ## - MICROFILM SHELF LOCATION (AM) [OBSOLETE] |
| Microfilm shelf location |
511.2 |
| 100 1# - MAIN ENTRY--PERSONAL NAME |
| Personal name |
Seife, Charles. |
| Relator term |
author |
| 245 10 - TITLE STATEMENT |
| Title |
Zero : |
| Remainder of title |
the biography of a dangerous idea / |
| Statement of responsibility, etc. |
Charles Seife ; drawings by Matt Zimet. |
| 260 ## - PUBLICATION, DISTRIBUTION, ETC. |
| Place of publication, distribution, etc. |
New York : |
| Name of publisher, distributor, etc. |
Penguin Books, |
| Date of publication, distribution, etc. |
2000. |
| 300 ## - PHYSICAL DESCRIPTION |
| Extent |
vi, 248 p. : |
| Other physical details |
ill. ; |
| Dimensions |
21 cm. |
| 504 ## - BIBLIOGRAPHY, ETC. NOTE |
| Bibliography, etc. note |
Includes bibliographical references (p. 231-238) and index. |
| 505 00 - FORMATTED CONTENTS NOTE |
| Miscellaneous information |
ch. 0. |
| Title |
Null and void -- |
| Miscellaneous information |
ch. 1. |
| Title |
Nothing doing : the origin of zero -- |
| Miscellaneous information |
ch. 2. |
| Title |
Nothing comes of nothing : the west rejects zero -- |
| Miscellaneous information |
ch. 3. |
| Title |
Nothing ventured : zero goes east -- |
| Miscellaneous information |
ch. 4. |
| Title |
The infinite God of nothing : the theology of zero -- |
| Miscellaneous information |
ch. 5. |
| Title |
Infinite zeros and infidel mathematicians : zero and the scientific revolution -- |
| Miscellaneous information |
ch. 6. |
| Title |
Infinity's twin : the infinite nature of zero -- |
| Miscellaneous information |
ch. 7. |
| Title |
Absolute zeros : the physics of zero -- |
| Miscellaneous information |
ch. 8. |
| Title |
Zero hour at ground zero : zero at the edge of space and time -- |
| -- |
Zero's final victory : end time. |
| 520 ## - SUMMARY, ETC. |
| Summary, etc. |
The Babylonians invented it, the Greeks banned it, the Hindus worshipped it, and the Church used it to fend off heretics. Today, zero lies at the heart of one of the biggest scientific controversies of all time, the quest for the theory of everything. Line illustrations. Zero follows the number from its birth as an Eastern philosophical concept to its struggle for acceptance in Europe and its apotheosis as the mystery of the black hole. Elegant, witty, and utterly fascinating, Zero takes us from Aristotle to superstring theory by way of Pythagoras, Descartes, the Kabbalists, and Einstein. It is a compelling look at the strangest number in the universe, and one of the greatest paradoxes of human thought. "A stunning chronicle."-U.S. News & World Report. "Entertainingly traces the history of numbers from 30,000 years ago, down to the role that zero plays in contemporary cosmological theory. After finishing, his readers will feel they've accomplished a considerable something."-the New York Times. "Charles Seife has made a marvelously entertaining something out of nothing. By simply telling the tale of zero, Seife provides a fresh and fascinating history not only of mathematics but also of science, philosophy, theology, and even art. An impressive debut for a promising young science writer."-John Horgan. |
| 650 #0 - SUBJECT ADDED ENTRY--TOPICAL TERM |
| Topical term or geographic name entry element |
Zero (The number) |
| 650 #1 - SUBJECT ADDED ENTRY--TOPICAL TERM |
| Topical term or geographic name entry element |
Zero (The number) |
| 700 ## - ADDED ENTRY--PERSONAL NAME |
| Personal name |
Zimet, Matt |
| Relator term |
Illustrator |
| 901 ## - LOCAL DATA ELEMENT A, LDA (RLIN) |
| a |
INGRAM131015-1 |
| 901 ## - LOCAL DATA ELEMENT A, LDA (RLIN) |
| a |
INGRAM131007-28 |
| 908 #4 - PUT COMMAND PARAMETER (RLIN) |
| Put command parameter |
QA141 |
| 942 ## - ADDED ENTRY ELEMENTS (KOHA) |
| Source of classification or shelving scheme |
|
| Koha item type |
Books - Non Ficton |
| 945 ## - LOCAL PROCESSING INFORMATION (OCLC) |
| a |
.o17211268 |
| 945 ## - LOCAL PROCESSING INFORMATION (OCLC) |
| a |
.o17173681 |